Menová politika ECB a FED v období krízy diplomová práca

Na minha lista:
Detalhes bibliográficos
Autor principal: Karásková, Dominika
Autor Corporativo: Podnikovohospodárska fakulta EU so sídlom v Košiciach. Katedra ekonómie
Outros Autores: Bačová, Monika
Formato: Livro
Idioma:eslovaco
Publicado em: Košice 2013
Tags: Adicionar Tag
Sem tags, seja o primeiro a adicionar uma tag!

MARC

LEADER 00000nbm a2200000 4500
001 0170321
005 20240827092531.0
041 0 |a slo 
044 |a SK 
245 1 0 |a Menová politika ECB a FED v období krízy  |b diplomová práca  |c Dominika Karásková ; školiteľ: Monika Bačová 
264 1 |a Košice  |c 2013 
300 |a 72 s. 
100 1 |a Karásková, Dominika 
700 1 |a Bačová, Monika 
710 2 |a Podnikovohospodárska fakulta EU so sídlom v Košiciach. Katedra ekonómie